| 000 | 00812nam a2200277 a 4500 | ||
|---|---|---|---|
| 001 | 000038071 | ||
| 003 | DO-SdBNP | ||
| 005 | 20240314073720.0 | ||
| 007 | ta | ||
| 008 | 130312s2021 dr c 000 0 spa d | ||
| 020 | _a9789945931150 | ||
| 040 |
_aDO-SdBNP _bspa _cDO-SdBNP |
||
| 082 | 4 |
_axxx _bG326 |
|
| 100 | 1 |
_aTroncoso Sánchez, Pedro, _d1904-1989 _923599 |
|
| 245 | 1 | 0 |
_aGenerales Timoteo y Andrés Ogando : _b¡los paladines del sur! |
| 260 |
_aSanto Domingo : _bInstituto Duartiano , _c2021. |
||
| 300 |
_a26 p. ; _c14 cm. |
||
| 490 | 1 | _aInstituto Duartiano | |
| 500 | _a | ||
| 586 | _aPremio Nacional de historia 1976 | ||
| 590 | _aInventariado. 2022 / DG | ||
| 600 | 1 | 0 |
_aDuarte, Juan Pablo, _d1813-1876 _91494 |
| 830 | 0 |
_aInstituto Duartino _964464 |
|
| 910 | _aDG | ||
| 942 |
_2ddc _cLBS1 |
||
| 999 |
_c52068 _d52068 |
||